000 003820000a22001450004500
020 _a958-24-0019-6
041 0 _aSPA
082 0 4 _aE 980 A674c
100 1 _aArciniegas, German
245 1 0 _aEl continente de siete colores: Historia de la cultura en américa latina / German Arciniegas
260 _aBogotá : Santillana , 1989
300 _a583 p.
001 17578
942 _cBK
999 _c44239
_d44239